1025 1390 1039 1289 1422 1268 1787 1912 1068 1021 1279 1111 1376 1881 1285 1852 1325 1102 1412 1539 1818 1001 1764 1097 1935 1191 1691 1112 1152 1996 1019 1748 1088 1711 1242 1336 1056 1664 1250 1653 1880 1399 1146 1638 1504 1736 1479 1869 1334 1067 1829 1635 1741 1705 1060 1176 1201 1510 1087 1645 1780 1114 1866 1827 1563 1776 1298 1277 1710 1030 1340 1710 1783 1888 1368 1462 1915 1407 1560 1980 1127 1515 1165 1464 1776 1645 1702 1656 1574 1355 1077 1090 1393 1771 1731 1076 1505 1283 1385 BCNSPRNW ULIB Ver.6.0+V

เปลี่ยนเป็นภาษาไทย

Change to English
 แสดงรายละเอียดบรรณานุกรม
  กลับหน้าหลัก

Brief Record : Get Marc (ISO 2709) : E-mail record : QR code < ปิดหน้าต่าง
LEADER : 00000nam 2200000uu 4500
001    13399120708
003     ULIB
008    121005s2548||||th 000 0 tha d
020    ^a9746565753
060 04 ^aWY159^bอ863บ
100 0  ^aอุษณีย์ จินตะเวช
245 10 ^aบทบาทของพยาบาลเกี่ยวกับภาวะออกซิเจนในเด็ก /^cอุษณีย์จินตะเวช
250    ^aพิมพ์ครั้งที่ 1
260    ^aเชียงใหม่ :^bโครงการตำรา คณะพยาบาลศาสตร์มหาวิทยาลัยเชียงใหม่,^c2548
300    ^aก-ช, 87 หน้า :^bภาพประกอบ
650  7 ^aการพยาบาลกุมารเวชศาสตร์
650  7 ^aการหายใจ
650  7 ^aออกซิเจน
710 2  ^aมหาวิทยาลัยเชียงใหม่. ^bคณะพยาบาลศาสตร์. ^bโครงการตำรา
945    ^p150^l0^i13857
995    ^aทศพร
999    ^aทศพร เกษรทอง
รายการนี้ยังไม่มีแท็ก
คุณยังไม่ได้ล็อกอิน คุณสามารถมีกิจกรรมร่วมกับเว็บไซต์ได้ แต่ต้องล็อกอินก่อน ::
  ล็อกอิน

รายการสื่อสารสนเทศ

ลำดับที่ ประเภท เลขเรียก/บาร์โค้ด สถานที่ สถานะ
1. วิทยาศาสตร์การแพทย์ และสุขภาพ
วิทยาศาสตร์การแพทย์ และสุขภาพ
WY159 อ863บ ฉ.1 
  Barcode: 13857
ห้องสมุดวิทยาเขตสวรรค์ประชารักษ์
►หนังสือทั่วไป
ถูกยืม กำหนดส่งวันที่ 11 พฤษภาคม 2558
  จอง

รายการใกล้เคียง
    ผู้แต่ง [อุษณีย์ จินตะเวช]

    หัวเรื่อง [การพยาบาลกุมารเวชศาสตร์]
    หัวเรื่อง [การหายใจ]
    หัวเรื่อง [ออกซิเจน]

BibComment


ยังไม่เคยถูกคอมเมนท์

คอมเมนท์ทรัพยากรรายการนี้
  คอมเมนท์: บทบาทของพยาบาลเก..


 Copyright 2026. Bcnsprnw @Library